[Event "CZE Extraliga 2019-20"]
[Site "Czech Republic"]
[Date "2019.11.30"]
[Round "3.6"]
[White "Kanovsky, David"]
[Black "Rubes, Jan"]
[Result "1/2-1/2"]
[WhiteElo "2424"]
[BlackElo "2363"]
[Annotator "NA"]
[PlyCount "66"]
[EventDate "2019.09.15"]
[EventType "team-tourn"]
[EventCountry "CZE"]
[SourceTitle "playchess.com"]
[Source "ChessBase"]
[SourceQuality "1"]
[WhiteTeam "Poruba"]
[BlackTeam "Kromeriz"]
[TimeControl "40/5400+30:1800+30"]

1. c4 {[%emt 0:00:00]} c5 {[%emt 0:00:00]} 2. g3 {[%emt 0:00:00]} g6 {[%emt 0:00:00]} 3. Nc3 {[%emt 0:00:14]} Bg7 {[%emt 0:00:11]} 4. Bg2 {[%emt 0:00:07]} Nc6 {[%emt 0:00:06]} 5. a3 {[%emt 0:01:03]} e6 {[%emt 0:00:04]} 6. Rb1 {[%emt 0:01:10]} Nge7 {[%emt 0:00:24]} 7. b4 {[%emt 0:04:31]} cxb4 {[%emt 0:00:35]} 8. axb4 {[%emt 0:00:03]} O-O {[%emt 0:00:07]} 9. Nf3 {[%emt 0:02:35]} b6 {[%emt 0:04:37]} 10. O-O {[%emt 0:02:22]} Bb7 {[%emt 0:01:10]} 11. Nb5 {[%emt 0:14:10]} d5 {[%emt 0:10:52]} 12. c5 {[%emt 0:02:11]} bxc5 {[%emt 0:09:14]} 13. bxc5 {[%emt 0:00:07]} Ba6 {[%emt 0:02:23]} 14. Nd6 {[%emt 0:13:58]} Qa5 {[%emt 0:10:57]} 15. d4 {[%emt 0:00:54]} Rab8 {[%emt 0:02:03]} 16. Bb2 {[%emt 0:12:37]} Qa2 {[%emt 0:06:00]} 17. Re1 {[%emt 0:02:11]} Rxb2 {[%emt 0:17:27]} 18. Ra1 {[%emt 0:00:15]} Qb3 {[%emt 0:00:04]} 19. Qxb3 {[%emt 0:00:30]} Rxb3 {[%emt 0:00:04]} 20. Rxa6 {[%emt 0:00:05]} Nxd4 {[%emt 0:02:10]} 21. Rxa7 {[%emt 0:00:58]} Nxf3+ {[%emt 0:11:08]} 22. Bxf3 {[%emt 0:00:32]} Nc8 {[%emt 0:00:44]} 23. Rd7 {[%emt 0:12:11]} Nxd6 {[%emt 0:00:34]} 24. cxd6 {[%emt 0:00:07]} Be5 {[%emt 0:01:05]} 25. Rd1 {[%emt 0:05:57]} Rfb8 {[%emt 0:11:02]} 26. Kg2 {[%emt 0:03:48]} R3b7 {[%emt 0:02:08]} 27. Rxb7 {[%emt 0:01:22]} Rxb7 {[%emt 0:00:03]} 28. e4 {[%emt 0:00:30]} dxe4 {[%emt 0:00:31]} 29. Bxe4 {[%emt 0:00:12]} Rd7 {[%emt 0:00:04]} 30. Bc6 {[%emt 0:00:28]} Rxd6 {[%emt 0:00:04]} 31. Rxd6 {[%emt 0:00:04]} Bxd6 {[%emt 0:00:04]} 32. f4 {[%emt 0:00:38]} e5 {[%emt 0:00:35]} 33. fxe5 {[%emt 0:00:14]} Bxe5 {[%emt 0:00:04]} 1/2-1/2

[Event "CZE Extraliga 2019-20"]
[Site "Czech Republic"]
[Date "2019.11.30"]
[Round "3.6"]
[White "Vlasak, Lukas"]
[Black "Rydl, Jiri"]
[Result "1-0"]
[WhiteElo "2423"]
[BlackElo "2422"]
[Annotator "NA"]
[PlyCount "65"]
[EventDate "2019.09.15"]
[EventType "team-tourn"]
[EventCountry "CZE"]
[SourceTitle "playchess.com"]
[Source "ChessBase"]
[SourceQuality "1"]
[WhiteTeam "Turnov"]
[BlackTeam "Siesta Solution Unichess"]
[TimeControl "40/5400+30:1800+30"]

1. d4 {[%emt 0:00:00]} d5 {[%emt 0:00:00]} 2. Bf4 {[%emt 0:00:00]} Nf6 {[%emt 0:00:09]} 3. e3 {[%emt 0:00:00]} c5 {[%emt 0:01:53]} 4. dxc5 {[%emt 0:00:00]} Nc6 {[%emt 0:00:33]} 5. Bb5 {[%emt 0:00:05]} e6 {[%emt 0:01:54]} 6. b4 {[%emt 0:00:11]} a5 {[%emt 0:02:02]} 7. c3 {[%emt 0:00:11]} Bd7 {[%emt 0:00:37]} 8. Qb3 {[%emt 0:00:35]} Nh5 {[%emt 0:05:16]} 9. Ne2 {[%emt 0:00:11]} Nxf4 {[%emt 0:00:15]} 10. Nxf4 {[%emt 0:00:11]} Qf6 {[%emt 0:01:52]} 11. O-O {[%emt 0:05:00]} Be7 {[%emt 0:10:32]} 12. Nd2 {[%emt 0:02:58]} O-O {[%emt 0:00:14]} 13. a4 {[%emt 0:02:29]} Bd8 {[%emt 0:23:25]} 14. Rad1 {[%emt 0:18:59]} Bc7 {[%emt 0:01:27]} 15. Ne2 {[%emt 0:09:22]} Rad8 {[%emt 0:10:44]} 16. Ng3 {[%emt 0:05:29]} Qh6 {[%emt 0:10:05]} 17. Be2 {[%emt 0:04:31]} Bc8 {[%emt 0:04:52]} 18. b5 {[%emt 0:03:19]} Ne5 {[%emt 0:01:28]} 19. c4 {[%emt 0:01:14]} d4 {[%emt 0:08:24]} 20. exd4 {[%emt 0:16:49]} Rxd4 {[%emt 0:00:08]} 21. Qe3 {[%emt 0:00:54]} Qh4 {[%emt 0:05:37]} 22. f4 {[%emt 0:07:22]} Rd3 {[%emt 0:04:44]} 23. Bxd3 {[%emt 0:00:26]} Ng4 {[%emt 0:00:05]} 24. Nf3 {[%emt 0:00:05]} Qxg3 {[%emt 0:00:21]} 25. Qe4 {[%emt 0:00:15]} f5 {[%emt 0:00:41]} 26. hxg3 {[%emt 0:00:59]} fxe4 {[%emt 0:00:07]} 27. Bxe4 {[%emt 0:00:05]} Ne3 {[%emt 0:00:34]} 28. b6 {[%emt 0:01:18]} Bb8 {[%emt 0:00:07]} 29. Rfe1 {[%emt 0:01:05]} Nxd1 {[%emt 0:00:06]} 30. Rxd1 {[%emt 0:00:07]} h6 {[%emt 0:00:08]} 31. c6 {[%emt 0:01:00]} bxc6 {[%emt 0:00:11]} 32. Bxc6 {[%emt 0:00:05]} Ba6 {[%emt 0:00:16]} 33. Bb5 {[%emt 0:00:29]} 1-0

[Event "CZE Extraliga 2019-20"]
[Site "Czech Republic"]
[Date "2019.12.02"]
[Round "3.6"]
[White "Chytilek, Roman"]
[Black "Babula, Vlastimil"]
[Result "0-1"]
[WhiteElo "2339"]
[BlackElo "2572"]
[Annotator "ChessBase"]
[PlyCount "56"]
[EventDate "2019.09.15"]
[EventType "team-tourn"]
[EventCountry "CZE"]
[SourceTitle "playchess.com"]
[Source "ChessBase"]
[SourceQuality "1"]
[WhiteTeam "Duras"]
[BlackTeam "Novoborsky"]
[WhiteTeamCountry "CZE"]
[BlackTeamCountry "CZE"]
[TimeControl "40/5400+30:1800+30"]

1. d4 {[%emt 0:00:00]} Nf6 {[%emt 0:00:00]} 2. c4 {[%emt 0:00:00]} e6 {[%emt 0:00:05]} 3. Nf3 {[%emt 0:00:15]} b6 {[%emt 0:00:33]} 4. g3 {[%emt 0:00:35]} Ba6 {[%emt 0:00:38]} 5. b3 {[%emt 0:00:45]} Bb4+ {[%emt 0:01:02]} 6. Bd2 {[%emt 0:00:48]} Be7 {[%emt 0:00:28]} 7. Bg2 {[%emt 0:01:26]} d5 {[%emt 0:00:59]} 8. cxd5 {[%emt 0:06:17]} exd5 {[%emt 0:00:25]} 9. O-O {[%emt 0:04:38]} O-O {[%emt 0:01:13]} 10. Nc3 {[%emt 0:06:13]} Bb7 {[%emt 0:03:51]} 11. Bf4 {[%emt 0:03:19]} Re8 {[%emt 0:03:49]} 12. Rc1 {[%emt 0:02:55]} Na6 {[%emt 0:01:47]} 13. Rc2 {[%emt 0:03:58]} h6 {[%emt 0:01:46]} 14. Qc1 {[%emt 0:07:12]} Bf8 {[%emt 0:02:21]} 15. Qb2 {[%emt 0:03:37]} c5 {[%emt 0:01:23]} 16. Rd1 {[%emt 0:04:38]} Qe7 {[%emt 0:10:30]} 17. h4 {[%emt 0:13:16]} g6 {[%emt 0:06:25]} 18. e3 {[%emt 0:10:13]} Ne4 {[%emt 0:21:00]} 19. g4 {[%emt 0:17:25]} Rad8 {[%emt 0:05:03]} 20. g5 {[%emt 0:02:06]} hxg5 {[%emt 0:04:00]} 21. hxg5 {[%emt 0:01:11]} Bg7 {[%emt 0:01:47]} 22. Rcc1 {[%emt 0:03:38]} Nc7 {[%emt 0:03:25]} 23. Qb1 {[%emt 0:03:57]} Ne6 {[%emt 0:03:24]} 24. Be5 {[%emt 0:02:35]} Bxe5 {[%emt 0:03:03]} 25. dxe5 {[%emt 0:00:44]} Nxc3 {[%emt 0:01:17]} 26. Rxc3 {[%emt 0:00:06]} d4 {[%emt 0:00:42]} 27. exd4 {[%emt 0:00:41]} cxd4 {[%emt 0:00:44]} 28. Rc4 {[%emt 0:00:47]} Nf4 {[%emt 0:05:07]} 0-1

[Event "CZE Extraliga 2019-20"]
[Site "Czech Republic"]
[Date "2019.11.30"]
[Round "3.6"]
[White "Obsivac, Josef"]
[Black "Kislinsky, Alexey"]
[Result "0-1"]
[WhiteElo "2285"]
[BlackElo "2436"]
[Annotator "NA"]
[PlyCount "126"]
[EventDate "2019.09.15"]
[EventType "team-tourn"]
[EventCountry "CZE"]
[SourceTitle "playchess.com"]
[Source "ChessBase"]
[SourceQuality "1"]
[WhiteTeam "Brno"]
[BlackTeam "Lysa nad Labem"]
[TimeControl "40/5400+30:1800+30"]

1. d4 {[%emt 0:00:00]} Nf6 {[%emt 0:00:00]} 2. c4 {[%emt 0:00:00]} g6 {[%emt 0:00:49]} 3. Nc3 {[%emt 0:00:02]} c5 {[%emt 0:00:28]} 4. d5 {[%emt 0:00:45]} Bg7 {[%emt 0:00:08]} 5. e4 {[%emt 0:01:21]} d6 {[%emt 0:00:09]} 6. Bd3 {[%emt 0:05:12]} O-O {[%emt 0:00:12]} 7. h3 {[%emt 0:02:57]} e6 {[%emt 0:00:00]} 8. Nf3 {[%emt 0:00:57]} Nbd7 {[%emt 0:00:06]} 9. O-O e5 10. a3 {[%emt 0:06:55] E90: King's Indian: Classical: Early deviations and 6 h3} (10. Rb1 h6 11. Re1 Nh7 12. Qc2 Kh8 13. Bd2 b6 14. b4 cxb4 15. Nb5 Nc5 16. Bxb4 f5 17. Rbd1 f4 {0-1 (68) Le,Q (2739)-Aronian,L (2799) Saint Louis 2017}) 10... h6 {[%emt 0:07:54]} 11. Re1 {[%emt 0:07:11]} Nh7 {[%emt 0:01:04]} 12. Rb1 $146 {[%emt 0:04:06]} ({Predecessor:} 12. Qc2 Nb8 13. b4 Na6 14. Rb1 f5 15. Kf1 f4 {0-1 (47) Johansson,R (2095)-Janse,L (2152) Stockholm 2003}) 12... f5 {[%emt 0:02:05]} 13. b4 {[%emt 0:00:50]} f4 {[%emt 0:01:55]} 14. Nb5 {[%emt 0:09:13]} Rf6 {[%emt 0:00:54]} 15. g4 {[%emt 0:06:31]} (15. Qe2 $14) 15... fxg3 {[%emt 0:11:14]} 16. fxg3 {[%emt 0:00:05]} a5 {[%emt 0:02:33]} 17. bxa5 {[%emt 0:08:03]} Qxa5 {[%emt 0:03:35]} 18. Bd2 {[%emt 0:03:40]} (18. Nh2 $16) 18... Qd8 {[%emt 0:00:26]} 19. Bf1 {[%emt 0:03:37]} Nb6 {[%emt 0:01:33]} 20. Rb3 {[%emt 0:02:37]} Bd7 {[%emt 0:03:35]} 21. Qc1 {[%emt 0:12:34]} Ra4 {[%emt 0:05:28]} 22. Nh2 {[%emt 0:05:53]} h5 {[%emt 0:08:30]} 23. g4 {[%emt 0:07:05]} hxg4 {[%emt 0:07:42]} 24. Nxg4 {[%emt 0:02:01]} Bxg4 {[%emt 0:00:42]} 25. hxg4 {[%emt 0:00:05]} Qd7 {[%emt 0:01:30]} 26. Rg3 $11 {[%emt 0:02:32]} Rf4 {[%emt 0:10:13]} 27. g5 {[%emt 0:01:50]} Rxf1+ {[%emt 0:07:22]} 28. Rxf1 {[%emt 0:00:10]} Nxc4 {[%emt 0:00:16]} 29. Nc3 {[%emt 0:02:55]} Rxa3 {[%emt 0:00:09]} 30. Be1 {[%emt 0:02:40]} b5 {[%emt 0:00:31]} 31. Qd1 {[%emt 0:01:16]} b4 {[%emt 0:00:27]} 32. Qe2 {[%emt 0:00:45]} Nb6 {[%emt 0:02:52]} 33. Rff3 {[%emt 0:01:02]} bxc3 {[%emt 0:00:22]} 34. Rxc3 {[%emt 0:00:02]} Rxc3 {[%emt 0:01:38]} 35. Bxc3 {[%emt 0:00:03]} Bf8 {[%emt 0:01:18]} 36. Qa6 {[%emt 0:00:48]} Nc8 {[%emt 0:01:30]} 37. Bd2 {[%emt 0:00:31]} Be7 {[%emt 0:01:03]} 38. Kf1 {[%emt 0:01:03]} Nf8 {[%emt 0:05:25]} 39. Ke1 {[%emt 0:00:35]} Bd8 {[%emt 0:02:56]} 40. Kd1 {[%emt 0:00:56]} Nb6 {[%emt 0:02:02]} 41. Ke1 {[%emt 0:13:35]} Qh7 {[%emt 0:01:17]} 42. Qe2 {[%emt 0:04:50]} Qh4 {[%emt 0:01:27]} 43. Kf2 {[%emt 0:00:30]} Nh7 {[%emt 0:01:14]} 44. Kg2 {[%emt 0:01:34]} Nxg5 {[%emt 0:04:15]} 45. Bxg5 {[%emt 0:03:20]} Bxg5 {[%emt 0:00:05]} 46. Qg4 {[%emt 0:08:32]} Qxg4 {[%emt 0:00:19]} 47. Rxg4 {[%emt 0:00:01]} Be7 {[%emt 0:00:40]} 48. Rxg6+ {[%emt 0:00:02]} Kf7 {[%emt 0:00:08]} 49. Rh6 {[%emt 0:00:43]} Bf8 {[%emt 0:01:34]} 50. Rh7+ {[%emt 0:00:32]} Bg7 {[%emt 0:00:06]} 51. Kf3 {[%emt 0:00:29]} Nd7 {[%emt 0:01:55]} 52. Rh1 {[%emt 0:00:39]} Nf6 {[%emt 0:00:25]} 53. Rb1 {[%emt 0:00:20]} Bh6 {[%emt 0:00:56]} 54. Rb7+ {[%emt 0:00:22]} Ke8 {[%emt 0:00:13]} 55. Rc7 {[%emt 0:00:59]} Kd8 {[%emt 0:01:42]} 56. Rf7 {[%emt 0:00:25]} Bg5 {[%emt 0:03:08]} 57. Rg7 {[%emt 0:00:15]} Bf4 {[%emt 0:01:05]} 58. Rf7 {[%emt 0:01:09]} Nd7 {[%emt 0:00:19]} 59. Rg7 {[%emt 0:00:52]} c4 {[%emt 0:00:18]} 60. Rg2 {[%emt 0:00:20]} c3 {[%emt 0:00:12]} 61. Ra2 {[%emt 0:01:13]} Nc5 {[%emt 0:00:48]} 62. Ke2 {[%emt 0:00:51]} Kc7 {[%emt 0:00:07]} 63. Kd1 {[%emt 0:00:24]} Bd2 {[%emt 0:00:53]} 0-1

[Event "CZE Extraliga 2019-20"]
[Site "Czech Republic"]
[Date "2019.11.30"]
[Round "3.6"]
[White "Skalsky, Alexandr"]
[Black "Mrazek, Lumir"]
[Result "0-1"]
[WhiteElo "2188"]
[BlackElo "2303"]
[Annotator "TA"]
[PlyCount "104"]
[EventDate "2019.09.15"]
[EventType "team-tourn"]
[EventCountry "CZE"]
[SourceTitle "playchess.com"]
[Source "ChessBase"]
[SourceQuality "1"]
[WhiteTeam "Ostrava"]
[BlackTeam "Frydek-Mistek"]

{[%evp 23,104,43,45,0,0,-56,-94,-96,-67,-104,0,0,10,0,0,0,0,-27,0,0,0,-42,-43,-32,-7,-16,-52,-22,-8,-412,-453,-697,-695,-692,-683,-701,-691,-1086,-1093,-1183,-486,-477,-477,-468,-464,-492,-382,-433,-422,-408,-408,-408,-408,-404,-404,-408,-406,-686,-687,-648,-647,-638,-474,-694,-694,-694,-689,-681,-673,-677,-641,-715,-546,-29958,-793,-29959,-6531,-29966,-29967,-29966,-7424,-29990,-29991]} 1. e4 c5 2. Nf3 Nc6 3. d4 cxd4 4. Nxd4 e5 5. Nb5 a6 6. Nd6+ Bxd6 7. Qxd6 Qf6 8. Qd1 Qg6 9. Nc3 {[%cal Bb1c3,Bc3d5,Bd5c7][%mdl 32]} d5 10. Nxd5 Qxe4+ 11. Be3 Nd4 12. Nc7+ Ke7 $1 13. Nxa8 {Black must now prevent Rc1. B32: Sicilian: Löwenthal and Kalashnikov Variations} (13. Qd3 Nxc2+ 14. Kd2 Qxd3+ 15. Bxd3 Nxe3 16. Nxa8 Nd5 17. Rhc1 Ngf6 18. Nc7 Nb4 19. Rc4 Nc6 20. Nxa6 Be6 21. Nb4 Bxc4 22. Nxc6+ bxc6 23. Bxc4 Rd8+ {½-½ (46) Vescovi,G (2632)-Escobar Forero,A (2474) Bogota 2010}) 13... Nxc2+ 14. Qxc2 (14. Kd2 $11 Nxe3 15. fxe3) 14... Qxc2 $15 15. Rc1 {Black is better.} Qf5 16. Rc3 $146 ({Predecessor:} 16. Rc7+ Kf6 17. h4 Nh6 18. Nb6 Be6 19. f3 Qb1+ 20. Rc1 Qxb2 21. g4 Ke7 22. Rc7+ Kd6 23. Rc1 Ke7 24. Rc7+ Kd6 25. Rc1 {½-½ (25) Seibold,H (2210)-Straschewski,J (2005) Germany 1997}) 16... Kf6 (16... Nf6 $17 {Hoping for ...Nd5.} 17. Nb6 Rd8) 17. Bd3 $11 Qg4 18. f3 Qh4+ ({Don't go for} 18... Qxg2 $2 19. Rg1 $18) 19. Bf2 Qb4 20. O-O Ne7 {[#]} 21. f4 $1 {[%mdl 512] Strongly threatening Bc5.} Bf5 ({Don't blunder} 21... exf4 $2 22. Bc5 $18) (21... Qxf4 22. Bh4+) 22. fxe5+ Kg6 $1 ({Avoid the trap} 22... Kxe5 $2 23. Nb6 $18) 23. Rc4 Qd2 $36 {[%mdl 2048] Black is pushing.} 24. Rg4+ $1 Kh5 25. Rh4+ Kg5 26. Bxf5 $4 {[%mdl 8192]} (26. Bc4 $11 {and White has nothing to worry.} Qxb2 27. Bxf7) 26... Nxf5 $19 27. Be1 (27. Re4 $142 Rxa8 28. h4+ Kg6 29. g4 Nxh4 30. Bxh4) 27... Qe3+ 28. Bf2 Qxe5 29. Rc4 Rxa8 30. g4 Ne3 31. Bg3 Qxg3+ (31... Qd5 $142 {[%csl Ge3][%cal Rd5g2]} 32. Bf4+ {[#]} Kg6 $1 {[%mdl 512]} 33. Bxe3 Qxc4 {[%mdl 64] Double Attack}) 32. hxg3 {With the idea Rc5+.} Nxc4 33. Rxf7 {[%mdl 4096] Endgame KRN-KR} b5 34. b3 Ne3 35. Re7 Nxg4 36. Rxg7+ Kf5 37. Rxh7 Rc8 38. Rf7+ Nf6 39. Kf2 Rc2+ 40. Kf3 (40. Ke3 $142) 40... Rxa2 41. g4+ Kg6 42. Ra7 Ra1 43. Ke3 (43. Kf4 $142) 43... Nxg4+ 44. Kd4 Kf6 45. Kc5 Ke6 46. Ra8 Nf6 47. Kc6 Nd5 48. Rd8 Rc1+ 49. Kb7 Rc3 50. Kxa6 Rxb3 51. Ka5 Ke5 52. Rb8 Ra3+ {Accuracy: White = 42%, Black = 70%.} 0-1

[Event "CZE Extraliga 2019-20"]
[Site "Czech Republic"]
[Date "2019.12.02"]
[Round "3.7"]
[White "Nguyen, Thai Dai Van"]
[Black "Vyskocil, Neklan"]
[Result "1-0"]
[WhiteElo "2548"]
[BlackElo "2291"]
[Annotator "ChessBase"]
[PlyCount "63"]
[EventDate "2019.09.15"]
[EventType "team-tourn"]
[EventCountry "CZE"]
[SourceTitle "playchess.com"]
[Source "ChessBase"]
[SourceQuality "1"]
[WhiteTeam "Novoborsky"]
[BlackTeam "Duras"]
[WhiteTeamCountry "CZE"]
[BlackTeamCountry "CZE"]
[TimeControl "40/5400+30:1800+30"]

1. d4 {[%emt 0:00:00]} Nf6 {[%emt 0:00:00]} 2. c4 {[%emt 0:00:00]} e6 {[%emt 0:00:00]} 3. Nc3 {[%emt 0:00:00]} Bb4 {[%emt 0:00:43]} 4. Qc2 {[%emt 0:00:00]} O-O {[%emt 0:00:48]} 5. e4 {[%emt 0:00:03]} d6 {[%emt 0:01:22]} 6. e5 {[%emt 0:00:21]} Nfd7 {[%emt 0:06:25]} 7. Nf3 {[%emt 0:20:08]} f5 {[%emt 0:36:52]} 8. exf6 {[%emt 0:18:22]} Nxf6 {[%emt 0:01:22]} 9. Bd3 {[%emt 0:00:04]} Qe7 {[%emt 0:07:45]} 10. O-O {[%emt 0:00:20]} Bxc3 {[%emt 0:07:15]} 11. Qxc3 {[%emt 0:11:39]} Nc6 {[%emt 0:03:09]} 12. Re1 {[%emt 0:03:33]} Bd7 {[%emt 0:04:25]} 13. d5 {[%emt 0:03:37]} Nd8 {[%emt 0:01:30]} 14. dxe6 {[%emt 0:03:06]} Bxe6 {[%emt 0:07:47]} 15. Ng5 {[%emt 0:02:33]} Re8 {[%emt 0:05:58]} 16. Bf5 {[%emt 0:07:51]} Bxf5 {[%emt 0:00:29]} 17. Rxe7 {[%emt 0:00:00]} Rxe7 {[%emt 0:00:02]} 18. Be3 {[%emt 0:00:12]} h6 {[%emt 0:03:40]} 19. Nf3 {[%emt 0:00:07]} b6 {[%emt 0:02:18]} 20. Bxh6 {[%emt 0:02:05]} Nf7 {[%emt 0:03:39]} 21. Be3 {[%emt 0:01:03]} Rae8 {[%emt 0:01:14]} 22. h3 {[%emt 0:04:00]} c5 {[%emt 0:02:10]} 23. Rd1 {[%emt 0:01:51]} Be4 {[%emt 0:00:26]} 24. Ng5 {[%emt 0:12:32]} d5 {[%emt 0:00:05]} 25. cxd5 {[%emt 0:00:23]} Nxd5 {[%emt 0:00:34]} 26. Qc4 {[%emt 0:01:03]} Nd6 {[%emt 0:02:26]} 27. Qe2 {[%emt 0:02:36]} Nf5 {[%emt 0:00:31]} 28. Qc4 {[%emt 0:01:50]} Nd6 {[%emt 0:00:10]} 29. Qb3 {[%emt 0:01:45]} c4 {[%emt 0:00:29]} 30. Qa3 {[%emt 0:00:31]} Nb5 {[%emt 0:01:05]} 31. Qa4 {[%emt 0:00:00]} Nxe3 {[%emt 0:00:11]} 32. fxe3 {[%emt 0:00:02]} 1-0

[Event "CZE Extraliga 2019-20"]
[Site "Czech Republic"]
[Date "2019.11.30"]
[Round "3.7"]
[White "Voloshin, Leonid"]
[Black "Jirovsky, Milos"]
[Result "1/2-1/2"]
[WhiteElo "2361"]
[BlackElo "2452"]
[Annotator "ChessBase"]
[PlyCount "33"]
[EventDate "2019.09.15"]
[EventType "team-tourn"]
[EventCountry "CZE"]
[SourceTitle "playchess.com"]
[Source "ChessBase"]
[SourceQuality "1"]
[WhiteTeam "Praha"]
[BlackTeam "Pardubice"]
[TimeControl "40/5400+30:1800+30"]

1. d4 {[%emt 0:00:00]} d5 {[%emt 0:00:00]} 2. c4 {[%emt 0:00:13]} c6 {[%emt 0:00:13]} 3. cxd5 {[%emt 0:04:22]} cxd5 {[%emt 0:00:45]} 4. Nc3 {[%emt 0:00:07]} Nf6 {[%emt 0:00:53]} 5. Bf4 {[%emt 0:00:35]} a6 {[%emt 0:01:18]} 6. e3 {[%emt 0:03:17]} Nc6 {[%emt 0:00:14]} 7. Nf3 {[%emt 0:00:13]} Bg4 {[%emt 0:00:31]} 8. Be2 {[%emt 0:04:18]} e6 {[%emt 0:00:27]} 9. O-O {[%emt 0:03:01]} Be7 {[%emt 0:02:55]} 10. h3 {[%emt 0:02:58]} Bxf3 {[%emt 0:00:20]} 11. Bxf3 {[%emt 0:00:08]} O-O {[%emt 0:00:11]} 12. Be2 {[%emt 0:00:27]} b5 {[%emt 0:04:33]} 13. Bd3 {[%emt 0:03:46]} Qb6 {[%emt 0:04:49]} 14. Qe2 {[%emt 0:02:00]} Rfc8 {[%emt 0:02:51]} 15. Rfc1 {[%emt 0:01:46]} Qd8 {[%emt 0:01:03]} 16. Bh2 {[%emt 0:05:06]} Bd6 {[%emt 0:00:15]} 17. Bxd6 1/2-1/2

[Event "CZE Extraliga 2019-20"]
[Site "Czech Republic"]
[Date "2019.11.30"]
[Round "3.7"]
[White "Jurcik, Martin"]
[Black "Cech, Pavel"]
[Result "1/2-1/2"]
[WhiteElo "2360"]
[BlackElo "2330"]
[Annotator "TA"]
[PlyCount "169"]
[EventDate "2019.09.15"]
[EventType "team-tourn"]
[EventCountry "CZE"]
[SourceTitle "playchess.com"]
[Source "ChessBase"]
[SourceQuality "1"]
[WhiteTeam "Siesta Solution Unichess"]
[BlackTeam "Turnov"]

{[%evp 23,169,37,41,29,61,53,57,50,48,45,55,55,62,57,99,84,90,70,77,68,74,72,70,64,91,84,104,92,99,85,112,118,105,75,120,120,120,120,120,120,120,120,120,120,120,120,120,120,120,120,120,120,120,0,120,120,120,120,120,120,120,113,113,113,113,8,113,113,113,113,113,113,113,113,113,113,113,113,113,113,113,113,113,8,11,11,11,11,11,11,11,11,11,11,11,11,11,11,11,11,11,11,11,11,11,11,11,11,11,11,11,11,11,11,11,11,11,11,11,0,11,11,11,11,11,0,0,0,0,0,0,0,0,0,0,0,0,0,0,0,0,0,0,0,0,0,0,0]} 1. e4 e6 2. d4 d5 3. Nd2 Nf6 4. e5 Nfd7 5. Bd3 c5 6. c3 Nc6 7. Ne2 cxd4 8. cxd4 f6 9. exf6 Nxf6 10. O-O Bd6 11. Nf3 Qc7 12. h3 O-O 13. Be3 {C06: French Tarrasch: 3...Nf6 4 e5 Nfd7 5 Bd3 main lines} e5 (13... Bd7 14. Re1 Be8 15. Ng5 Bf7 16. Rc1 Kh8 17. a3 Bg8 18. b4 a6 19. g3 h6 20. Nf4 Bxf4 21. Bxf4 {1-0 (38) Navara,D (2729)-Michiels,B (2563) Wijk aan Zee 2015}) 14. dxe5 Nxe5 15. Nxe5 {White is slightly better.} Bxe5 16. Nd4 Bd7 17. Rc1 Qa5 18. Qb3 Rac8 $146 ({Predecessor:} 18... Kh8 19. Qc3 Qxc3 20. Rxc3 {½-½ (40) Giessler,K-Schubert,S Germany 1991}) 19. Nf3 ({Much worse is} 19. Qxb7 Rb8 $11) 19... Bd6 20. Qxb7 Rb8 21. Qxa7 Qxa7 22. Bxa7 Rxb2 23. Bb1 Bb5 24. Bd4 Bxf1 25. Bxb2 Bc4 26. Ne5 Bxe5 27. Bxe5 Ra8 28. Rd1 (28. Bf5 {keeps more tension.} Re8 29. Bd4 g6 30. Bc2 Nh5 31. Bb3) 28... Bxa2 29. Bxa2 Rxa2 30. Bxf6 $1 gxf6 31. Rxd5 $16 {[%mdl 4096] Endgame KR-KR} Ra7 32. g4 Kg7 33. Kg2 Kg6 34. Kg3 Ra3+ 35. f3 Ra7 36. h4 h6 37. Kf4 Ra4+ 38. Kg3 Ra7 $1 39. h5+ Kf7 40. Kf4 Rb7 41. Kf5 Re7 42. f4 {[#] Rd6 is the strong threat.} Ra7 43. Ke4 Re7+ 44. Kd4 (44. Kf3 $16) 44... Ra7 (44... Re2 $11 {remains equal.}) 45. Rc5 Ra4+ 46. Rc4 Ra7 47. f5 Rd7+ 48. Kc5 Rc7+ 49. Kd5 Rd7+ 50. Kc6 Rd1 51. Kc7 Rd2 52. Kc8 Rg2 53. Rc7+ (53. Kb7 $16) 53... Ke8 {The position is equal.} 54. Rg7 {aiming for Kc7.} Rc2+ 55. Kb7 Rc4 56. Kb6 Kf8 57. Rg6 Kf7 58. Kb5 Rf4 59. Kc5 Ra4 60. Kd5 Rb4 61. Rxh6 Rxg4 62. Rh7+ Kg8 63. Re7 {[#] And now Ke6 would win.} Rg5 64. Ke6 Rxh5 65. Kxf6 {White threatens Kg6 and mate.} Rh6+ 66. Kg5 Ra6 67. Re6 Ra7 $1 68. Rd6 Kf7 69. Rh6 {Threatening mate with Rh7+.} Ra1 70. Rh7+ Kg8 $1 {[%cal Rg8h7]} 71. Re7 {White wants to play Kg6.} Kf8 72. Kf6 Ra6+ 73. Re6 Ra7 $1 74. Kg6 (74. Rb6 {is interesting.} Rf7+ 75. Kg5 Ra7 76. Rb8+ Kg7 77. Rb1) 74... Rg7+ 75. Kh6 {Intending Re8+! and mate.} Rg1 76. Rg6 Rf1 77. Kg5 Kf7 78. Rf6+ Kg7 {( -> ...Rg1+)} 79. Re6 {Threatening Re7+.} Rg1+ 80. Kf4 Kf7 81. Ke5 Re1+ 82. Kd6 Rd1+ 83. Ke5 Re1+ 84. Kd6 Rd1+ 85. Ke5 {Accuracy: White = 68%, Black = 72%.} 1/2-1/2